Top 10 Countries with most different F1 Circuits - Statistics

General Stats
  • This quiz has been taken 42 times
  • The average score is 9 of 10
Answer Stats
Country Number of
Tracks
% Correct
France 7
100%
Germany 3
100%
Italy 4
100%
Spain 6
98%
United Kingdom 4
98%
United States 12
98%
Canada 3
93%
Belgium 3
83%
Portugal 4
83%
Japan 3
80%
No matching quizzes found
Score Distribution
Percent of People with Each Score
Percentile by Number Answered
Your Score History
You have not taken this quiz